Сейсмомикрорайониование особой экономической зоны Советская Гавань; Проблемы геологии и освоения недр; Т. 1

Dades bibliogràfiques
Parent link:Проблемы геологии и освоения недр: труды XXI Международного симпозиума имени академика М. А. Усова студентов и молодых ученых, посвященного 130-летию со дня рождения профессора М. И. Кучина, Томск, 3-7 апреля 2017 г./ Национальный исследовательский Томский политехнический университет (ТПУ), Институт природных ресурсов (ИПР) ; под ред. А. С. Боева.— , 2017
Т. 1.— 2017.— [С. 423-424]
Autor principal: Шабалин В. А.
Autor corporatiu: Дальневосточный государственный университет путей сообщения (ДВГУПС)
Altres autors: Малеев Д. Ю. (научный руководитель)
Sumari:Заглавие с экрана
Idioma:rus
Publicat: 2017
Col·lecció:Геофизические методы исследования Земли и поисков и разведки месторождений полезных ископаемых. Геоинформационные системы в геофизических исследованиях
Matèries:
Accés en línia:http://earchive.tpu.ru/handle/11683/44272
Format: MixedMaterials Electrònic Capítol de llibre
KOHA link:https://koha.lib.tpu.ru/cgi-bin/koha/opac-detail.pl?biblionumber=624623

MARC

LEADER 00000naa2a2200000 4500
001 624623
005 20231101133325.0
035 |a (RuTPU)RU\TPU\conf\23883 
035 |a RU\TPU\conf\23881 
090 |a 624623 
100 |a 20171124d2017 k y0rusy50 ca 
101 0 |a rus 
102 |a RU 
105 |a y z 100zy 
135 |a drgn ---uucaa 
181 0 |a i  
182 0 |a b 
200 1 |a Сейсмомикрорайониование особой экономической зоны Советская Гавань  |f В. А. Шабалин  |g науч. рук. Д. Ю. Малеев 
203 |a Текст  |c электронный 
225 1 |a Геофизические методы исследования Земли и поисков и разведки месторождений полезных ископаемых. Геоинформационные системы в геофизических исследованиях 
230 |a 1 компьютерный файл (pdf; 1 268 Kb) 
300 |a Заглавие с экрана 
320 |a [Библиогр.: с. 424 (2 назв.)] 
461 1 |0 (RuTPU)RU\TPU\conf\21932  |t Проблемы геологии и освоения недр  |o труды XXI Международного симпозиума имени академика М. А. Усова студентов и молодых ученых, посвященного 130-летию со дня рождения профессора М. И. Кучина, Томск, 3-7 апреля 2017 г.  |o в 2 т.  |f Национальный исследовательский Томский политехнический университет (ТПУ), Институт природных ресурсов (ИПР) ; под ред. А. С. Боева  |d 2017 
463 1 |0 (RuTPU)RU\TPU\conf\21936  |t Т. 1  |v [С. 423-424]  |d 2017 
610 1 |a электронный ресурс 
610 1 |a особая экономическая зона 
610 1 |a сейсмичность 
610 1 |a порты 
610 1 |a сейсмическая опасность 
610 1 |a микрорайонирование 
610 1 |a инженерно-геологические условия 
700 1 |a Шабалин  |b В. А. 
702 1 |a Малеев  |b Д. Ю.  |4 727 
712 0 2 |a Дальневосточный государственный университет путей сообщения (ДВГУПС)  |c (Хабаровск)  |c (1997- )  |2 stltpush  |3 (RuTPU)RU\TPU\col\18130 
801 2 |a RU  |b 63413507  |c 20171201  |g RCR 
856 4 |u http://earchive.tpu.ru/handle/11683/44272 
942 |c BK